[Event "?"]
[Site "?"]
[Date "????.??.??"]
[Round "?"]
[White "Pererva, V."]
[Black "Mager, D."]
[Result "1/2-1/2"]
[WhiteElo "2053"]
[BlackElo "2152"]
[PlyCount "107"]
[EventDate "2014.??.??"]

1. e4 c5 2. Nf3 d6 3. d4 cxd4 4. Nxd4 Nf6 5. Nc3 a6 6. Bg5 e6 7. f4 h6 8. Bxf6
Qxf6 9. Qd2 b5 10. g3 Bb7 11. Bg2 Qd8 12. O-O-O Be7 13. h4 Nd7 14. f5 e5 15. f6
Nxf6 16. Nf5 g6 17. Nxd6+ Bxd6 18. Qxd6 Qxd6 19. Rxd6 Ke7 20. Rd2 Rhd8 21. Rhd1
Rxd2 22. Rxd2 Rc8 23. Re2 Rc4 24. a3 Ne8 25. Kd2 Nd6 26. b3 Rd4+ 27. Ke3 a5 28.
Rd2 b4 29. axb4 axb4 30. Na2 Rxd2 31. Kxd2 Bxe4 32. Bh3 f5 33. Nxb4 Bh1 34. Ke3
Ne4 35. Nd3 Kd6 36. g4 f4+ 37. Ke2 g5 38. hxg5 hxg5 39. Ne1 Ng3+ 40. Kf2 e4 41.
Bg2 Bxg2 42. Nxg2 Kc5 43. c3 e3+ 44. Kf3 Nf1 45. Ke2 Nd2 46. Ne1 Nxb3 47. Nf3
Nc1+ 48. Kd1 Nd3 49. Nxg5 Nf2+ 50. Ke2 Nxg4 51. Ne6+ Kc4 52. Nxf4 Kxc3 53. Nd5+
Kd4 54. Nxe3 1/2-1/2

[Event "?"]
[Site "?"]
[Date "????.??.??"]
[Round "?"]
[White "Knaak, J."]
[Black "Küchle, W."]
[Result "1/2-1/2"]
[WhiteElo "2150"]
[BlackElo "2048"]
[PlyCount "87"]
[EventDate "2014.??.??"]

1. d4 d5 2. c4 c6 3. Nf3 Nf6 4. Nc3 dxc4 5. a4 Bf5 6. e3 e6 7. Bxc4 Bb4 8. O-O
O-O 9. Qe2 Bg4 10. Rd1 Nbd7 11. e4 Qe7 12. e5 Nd5 13. Bd2 f5 14. exf6 Qxf6 15.
Nxd5 exd5 16. Bxb4 Rfe8 17. Bxd5+ cxd5 18. Qd3 Bxf3 19. Qxf3 Qxf3 20. gxf3 a5
21. Ba3 Ra6 22. Re1 Rae6 23. Rxe6 Rxe6 24. Rc1 b6 25. Rc7 Nf6 26. Kf1 h6 27.
Kg2 Kh7 28. Rc3 Nh5 29. Re3 Rg6+ 30. Kf1 Nf4 31. Be7 Rc6 32. Rc3 Re6 33. Re3
Rc6 34. Rc3 Re6 35. Bd8 g5 36. h4 gxh4 37. Bxh4 Kg6 38. Bd8 h5 39. Bc7 Kf5 40.
Re3 Rc6 41. Rc3 Rg6 42. Re3 Rc6 43. Rc3 Rg6 44. Re3 1/2-1/2

[Event "?"]
[Site "?"]
[Date "????.??.??"]
[Round "?"]
[White "Bade, H."]
[Black "Friedel, M."]
[Result "1-0"]
[WhiteElo "2028"]
[BlackElo "2148"]
[PlyCount "59"]
[EventDate "2014.??.??"]

1. e4 e5 2. Nf3 Nc6 3. d4 exd4 4. Nxd4 Nf6 5. Nxc6 bxc6 6. e5 Qe7 7. Qe2 Nd5 8.
c4 Ba6 9. h4 g6 10. Bg5 Qb4+ 11. Nd2 Qxb2 12. Rb1 Qc2 13. Qf3 Ne7 14. Bd3 Qa4
15. O-O Nf5 16. Rfd1 Nd4 17. Qf6 Rb8 18. Ne4 h6 19. Be3 Nf5 20. e6 dxe6 21. Nc5
Qa3 22. Nxe6 fxe6 23. Qxe6+ Ne7 24. Be4 Qa4 25. Qd7+ Kf7 26. Bd5+ Kg7 27. Bd4+
Kh7 28. Bg8+ Kxg8 29. Qe6+ Kh7 30. Qf7+ 1-0

[Event "?"]
[Site "?"]
[Date "????.??.??"]
[Round "?"]
[White "Budzyn, M."]
[Black "Hansch, S."]
[Result "0-1"]
[WhiteElo "2145"]
[BlackElo "2044"]
[PlyCount "88"]
[EventDate "2014.??.??"]

1. e4 c5 2. c3 d5 3. exd5 Qxd5 4. d4 Nc6 5. Nf3 Bg4 6. dxc5 Qxd1+ 7. Kxd1
O-O-O+ 8. Ke1 e5 9. b4 e4 10. h3 Bh5 11. g4 Bg6 12. Nh4 Be7 13. Nxg6 hxg6 14.
g5 Ne5 15. Be2 f6 16. Nd2 f5 17. Nc4 Nf7 18. Bf4 Rh4 19. Bg3 Rh7 20. c6 Bxg5
21. cxb7+ Kxb7 22. Na5+ Kb6 23. Nc4+ Kb7 24. f4 Bh4 25. Na5+ Kc7 26. Rg1 Ne7
27. Nc4 Bxg3+ 28. Rxg3 Rh4 29. Ne5 Nxe5 30. fxe5 f4 31. Rg4 Rxg4 32. Bxg4 Rd5
33. c4 Rd3 34. Rd1 Re3+ 35. Kf2 Nf5 36. Bxf5 gxf5 37. e6 Rxh3 38. Rd7+ Kc8 39.
Kg2 e3 40. Rd5 e2 41. Kf2 Rh2+ 42. Ke1 f3 43. Re5 Rh1+ 44. Kf2 Rf1+ 0-1

[Event "?"]
[Site "?"]
[Date "????.??.??"]
[Round "?"]
[White "De Andres Gonalons, F."]
[Black "Lipinsky, M."]
[Result "0-1"]
[WhiteElo "2013"]
[BlackElo "2142"]
[PlyCount "78"]
[EventDate "2014.??.??"]

1. d4 Nf6 2. c4 g6 3. g3 Bg7 4. Bg2 d6 5. Nc3 O-O 6. Nf3 Nc6 7. O-O a6 8. h3
Rb8 9. e4 b5 10. d5 Na5 11. cxb5 axb5 12. b4 Nc4 13. Nd4 Bd7 14. Kh2 e5 15.
dxe6 fxe6 16. Qd3 c5 17. Nc2 Nh5 18. Rb1 Qc7 19. Nd1 Ne5 20. Qe2 c4 21. Bb2 Rf7
22. Bxe5 Bxe5 23. f4 Bg7 24. Nf2 Rbf8 25. Ng4 e5 26. fxe5 Bxg4 27. hxg4 Nxg3
28. Kxg3 Bxe5+ 29. Kh3 Rf6 30. Ne3 Qe7 31. g5 Rf4 32. Ng4 h5 33. Nxe5 Qxe5 34.
Rxf4 Rxf4 35. Rf1 Qxg5 36. Rxf4 Qxf4 37. a4 Qg4+ 38. Qxg4 hxg4+ 39. Kxg4 c3 0-1

[Event "?"]
[Site "?"]
[Date "????.??.??"]
[Round "?"]
[White "Hamm, G."]
[Black "ter Steeg, M."]
[Result "1/2-1/2"]
[WhiteElo "2139"]
[BlackElo "1959"]
[PlyCount "101"]
[EventDate "2014.??.??"]

1. Nf3 c5 2. g3 Nc6 3. Bg2 g6 4. e4 Bg7 5. O-O d6 6. c3 e5 7. d3 Nge7 8. Be3
O-O 9. Na3 h6 10. Qd2 Kh7 11. d4 b6 12. Rad1 Ba6 13. Rfe1 f5 14. dxc5 fxe4 15.
cxd6 exf3 16. dxe7 Qxe7 17. Bh3 Rad8 18. Qc2 Be2 19. Rxe2 fxe2 20. Qxe2 Rxd1+
21. Qxd1 Rd8 22. Qa4 Qd6 23. Bf1 Qd5 24. h4 h5 25. Bg5 Rd7 26. Nc2 Nb8 27. Ne3
Qc5 28. Bh3 Rf7 29. Qe8 Qf8 30. Qxf8 Rxf8 31. Bg2 Bf6 32. Nd5 Bxg5 33. hxg5 Rf5
34. Nf6+ Kg7 35. Ne4 Na6 36. b4 Nc7 37. c4 Rf8 38. Kf1 Ne6 39. Ke2 Nd4+ 40. Kd3
Rc8 41. f4 Nc6 42. Kc3 exf4 43. gxf4 a5 44. a3 axb4+ 45. axb4 Rc7 46. Nf6 Rc8
47. Nd7 b5 48. Nb6 Rc7 49. c5 h4 50. Nd5 Ra7 51. Kb2 1/2-1/2

[Event "?"]
[Site "?"]
[Date "????.??.??"]
[Round "?"]
[White "Juergens, K."]
[Black "Schmalhorst, S."]
[Result "1-0"]
[WhiteElo "2131"]
[BlackElo "1943"]
[PlyCount "69"]
[EventDate "2014.??.??"]

1. Nf3 Nf6 2. c4 e6 3. g3 b6 4. Bg2 Bb7 5. O-O Be7 6. Nc3 d5 7. d4 O-O 8. cxd5
Nxd5 9. Re1 Nxc3 10. bxc3 Be4 11. Ne5 Bxg2 12. Kxg2 Nc6 13. Nxc6 Qd5+ 14. e4
Qxc6 15. Qf3 Rfd8 16. Bf4 Qc4 17. Rad1 c5 18. d5 exd5 19. exd5 Bd6 20. Re4 Qxa2
21. Rd2 Qb3 22. Bxd6 Rxd6 23. Re7 Rf6 24. Qe4 Kf8 25. d6 Rd8 26. Qxh7 Rh6 27.
Qe4 Re6 28. Qh4 Rh6 29. Rxf7+ Qxf7 30. Qxd8+ Qe8 31. Qc7 Qe4+ 32. f3 Qe3 33.
Qc8+ Kf7 34. Qf5+ Rf6 35. Qd5+ 1-0

[Event "?"]
[Site "?"]
[Date "????.??.??"]
[Round "?"]
[White "Urban, K."]
[Black "Humburg, p"]
[Result "1/2-1/2"]
[WhiteElo "1931"]
[BlackElo "2087"]
[PlyCount "107"]
[EventDate "2014.??.??"]

1. e4 c5 2. Nf3 Nc6 3. d4 cxd4 4. Nxd4 g6 5. Nc3 Bg7 6. Be3 Nf6 7. Bc4 O-O 8.
Bb3 Qa5 9. O-O d6 10. h3 Qh5 11. Re1 Bd7 12. f4 Qxd1 13. Raxd1 Rfc8 14. Kh2 Na5
15. Nf3 Nxb3 16. axb3 Bc6 17. Bd4 Nh5 18. g3 Nf6 19. Re3 b5 20. b4 a5 21. bxa5
Rxa5 22. e5 dxe5 23. fxe5 Nh5 24. b4 Raa8 25. Nd2 Bh6 26. Rd3 f5 27. exf6 exf6
28. Nb3 f5 29. Bc5 Nf6 30. Rd6 Ne4 31. Nxe4 Bxe4 32. Nd4 Ra2 33. Rb6 f4 34. Re1
Bxc2 35. Re2 fxg3+ 36. Kxg3 Ra3+ 37. Kg2 Bd3 38. Re1 Ra2+ 39. Kg3 Ra3 40. Kg2
Bg5 41. Nxb5 Ra2+ 42. Kg1 Bh4 43. Rd1 Bf5 44. Nc3 Rc2 45. Nd5 Rd8 46. Ne7+ Kf7
47. Rxd8 Rc1+ 48. Kh2 Be4 49. Rf8+ Kg7 50. Rg8+ Kf7 51. Rf8+ Kg7 52. Rg8+ Kf7
53. Rf8+ Kg7 54. Rg8+ 1/2-1/2

[Event "?"]
[Site "?"]
[Date "????.??.??"]
[Round "?"]
[White "Bassetti, D."]
[Black "Sponheim, M."]
[Result "1-0"]
[WhiteElo "1965"]
[BlackElo "2118"]
[PlyCount "78"]
[EventDate "2014.??.??"]

1. Nf3 c5 2. g3 Nc6 3. Bg2 g6 4. d4 cxd4 5. Nxd4 Bg7 6. c3 d5 7. O-O Nf6 8. Qc2
Bd7 9. Rd1 Rc8 10. Nxc6 bxc6 11. Qa4 Qc7 12. Nd2 c5 13. Qa3 O-O 14. Nf3 e5 15.
Bg5 Be6 16. Rac1 Ne4 17. Be3 Nd6 18. b3 Nf5 19. Bd2 f6 20. Ne1 Nd6 21. Nc2 Qd7
22. Be1 e4 23. Ne3 Qf7 24. Nxd5 Bxd5 25. c4 f5 26. Rxd5 Nb5 27. Qa5 Nd4 28. Kf1
Qe7 29. e3 Nf3 30. Bxf3 exf3 31. Bc3 Bxc3 32. Qxc3 Rfe8 33. Rcd1 Rc7 34. Qd3 f4
35. gxf4 Qh4 36. Rd8 Qh3+ 37. Ke1 Rce7 38. Rxe8+ Rxe8 39. Qd7 Re6 1-0

[Event "?"]
[Site "?"]
[Date "????.??.??"]
[Round "?"]
[White "Eskandary, J."]
[Black "Hoffmann, T."]
[Result "1/2-1/2"]
[WhiteElo "2116"]
[BlackElo "1961"]
[PlyCount "50"]
[EventDate "2014.??.??"]

1. e4 c5 2. Nc3 Nc6 3. Bc4 g6 4. d3 Bg7 5. Nge2 d6 6. Be3 Nd4 7. Bd2 e6 8. Nxd4
cxd4 9. Ne2 a6 10. a4 Ne7 11. Qc1 Nc6 12. O-O O-O 13. f4 d5 14. exd5 exd5 15.
Ba2 Ne7 16. Ng3 Nf5 17. Nxf5 Bxf5 18. Re1 Qd7 19. Bb3 Bf6 20. Bb4 Rfc8 21. Qd2
b6 22. Qf2 a5 23. Bd2 Rc7 24. h3 h5 25. Qf3 Rd8 1/2-1/2

[Event "?"]
[Site "?"]
[Date "????.??.??"]
[Round "?"]
[White "Nägele, H."]
[Black "Schellmann, F."]
[Result "1/2-1/2"]
[WhiteElo "1901"]
[BlackElo "2090"]
[PlyCount "119"]
[EventDate "2014.??.??"]

1. g3 e5 2. Bg2 d5 3. d3 Nf6 4. Nd2 c6 5. h3 Bd6 6. e3 O-O 7. Ne2 Re8 8. O-O
Nbd7 9. a3 a5 10. b3 Nc5 11. Bb2 e4 12. dxe4 Ncxe4 13. c4 Be6 14. Nxe4 Nxe4 15.
Qd4 Bf8 16. Nf4 Nc5 17. cxd5 cxd5 18. Bxd5 Bxd5 19. Qxd5 Qxd5 20. Nxd5 Nxb3 21.
Nc7 Nxa1 22. Rxa1 Bc5 23. Nxa8 Rxa8 24. Rd1 f6 25. Rd7 b6 26. g4 h6 27. h4 Re8
28. g5 hxg5 29. hxg5 Re7 30. Rd8+ Kf7 31. gxf6 gxf6 32. Kg2 Re4 33. Kf3 Rc4 34.
Rd2 Ke6 35. Ke2 b5 36. Kd1 b4 37. axb4 Bxb4 38. Rd8 Rc6 39. f4 Kf5 40. Bd4 Ke4
41. Re8+ Kd3 42. Rd8 Ke4 43. Re8+ Kf3 44. Rb8 f5 45. Rb5 Kg4 46. Be5 Rh6 47.
Bc7 Rh1+ 48. Kc2 Ra1 49. Kb2 Re1 50. Bb6 Bd2 51. Re5 a4 52. Ka3 Ra1+ 53. Kb2
Re1 54. Ka3 Bc3 55. Kxa4 Bxe5 56. fxe5 Kf3 57. e6 Rg1 58. e7 Rg8 59. Kb5 Ke4
60. Bc5 1/2-1/2

[Event "?"]
[Site "?"]
[Date "????.??.??"]
[Round "?"]
[White "Otikova, E."]
[Black "Riegler, D."]
[Result "0-1"]
[WhiteElo "1928"]
[BlackElo "2085"]
[PlyCount "68"]
[EventDate "2014.??.??"]

1. e4 c5 2. Nf3 d6 3. d4 cxd4 4. Nxd4 Nf6 5. Nc3 Nc6 6. Bc4 Qb6 7. Nb3 e6 8.
O-O Be7 9. Bd3 a6 10. Be3 Qc7 11. f4 b5 12. Qf3 Rb8 13. Rae1 O-O 14. Kh1 Nb4
15. e5 Bb7 16. Qg3 Nh5 17. Qh3 Nxd3 18. cxd3 g6 19. Rc1 Qd7 20. Ne4 Rbc8 21.
exd6 Bxd6 22. Nbc5 Bxc5 23. Bxc5 Rfd8 24. Bb6 Rxc1 25. Rxc1 Rc8 26. Rxc8+ Qxc8
27. Qe3 Qc2 28. h3 Qxb2 29. Bd4 Qxa2 30. f5 exf5 31. Nd6 Qe6 32. Qf2 Qxd6 33.
Qe3 Ng3+ 34. Kg1 Qf4 0-1

[Event "?"]
[Site "?"]
[Date "????.??.??"]
[Round "?"]
[White "Schoenwaelder, B."]
[Black "Sand, R."]
[Result "1/2-1/2"]
[WhiteElo "2101"]
[BlackElo "1958"]
[PlyCount "45"]
[EventDate "2014.??.??"]

1. b4 e5 2. Bb2 Bxb4 3. Bxe5 Nf6 4. e3 O-O 5. Nf3 Re8 6. Be2 d5 7. O-O c5 8. d3
Nc6 9. Bb2 Bg4 10. c3 Ba5 11. Nbd2 Bc7 12. c4 Ne5 13. Bxe5 Bxe5 14. Nxe5 Bxe2
15. Nxf7 Bxd1 16. Nxd8 Be2 17. Rfe1 Bxd3 18. Nxb7 dxc4 19. Nxc5 c3 20. Nxd3
cxd2 21. Red1 Ne4 22. Nf4 Red8 23. Ne2 1/2-1/2

[Event "?"]
[Site "?"]
[Date "????.??.??"]
[Round "?"]
[White "Jacob, T."]
[Black "Schulz, P."]
[Result "0-1"]
[WhiteElo "1952"]
[BlackElo "2098"]
[PlyCount "112"]
[EventDate "2014.??.??"]

1. e4 e6 2. d4 d5 3. Nd2 c5 4. exd5 Qxd5 5. Ngf3 cxd4 6. Bc4 Qd6 7. O-O Nc6 8.
Nb3 Nf6 9. Nbxd4 Nxd4 10. Nxd4 a6 11. c3 Bd7 12. Qf3 Qc7 13. Bd3 Bd6 14. g3 h5
15. Re1 O-O-O 16. Be3 e5 17. Nc2 h4 18. Bf5 hxg3 19. Bxd7+ Qxd7 20. fxg3 Qh3
21. Re2 Ng4 22. Qf5+ Kb8 23. Rd1 g6 24. Qf1 Qxf1+ 25. Rxf1 Nxe3 26. Nxe3 Bc5
27. Kg2 f5 28. Nc4 e4 29. Ne5 Rhg8 30. Nf7 Rd7 31. Ng5 Re8 32. Nh3 Be7 33. Rf4
Red8 34. Ng1 Rd5 35. Nh3 Rd2 36. Kf1 Bc5 37. Rh4 Rxe2 38. Kxe2 e3 39. Rc4 Rd2+
40. Ke1 Rxh2 41. Nf4 Bd6 42. b4 Rxa2 43. Rd4 Bxf4 44. gxf4 Kc7 45. Rc4+ Kd7 46.
Rd4+ Kc7 47. Rd3 Rf2 48. Rxe3 Rxf4 49. Re7+ Kb8 50. Rg7 Rg4 51. Ke2 Rg3 52. c4
Rb3 53. b5 axb5 54. cxb5 Rxb5 55. Rxg6 Ka7 56. Rf6 Rd5 0-1

[Event "?"]
[Site "?"]
[Date "????.??.??"]
[Round "?"]
[White "Rudolf, M."]
[Black "Herbrig, T."]
[Result "1-0"]
[WhiteElo "2092"]
[BlackElo "1953"]
[PlyCount "91"]
[EventDate "2014.??.??"]

1. e4 e5 2. Nf3 Nc6 3. d4 exd4 4. Nxd4 g6 5. Nc3 Bg7 6. Be3 Nge7 7. Qd2 O-O 8.
O-O-O d6 9. Nxc6 bxc6 10. Bh6 Kh8 11. Bxg7+ Kxg7 12. f4 Be6 13. Bd3 f6 14. f5
Bf7 15. h4 Ng8 16. fxg6 hxg6 17. g4 Be6 18. Rdg1 Qd7 19. g5 f5 20. h5 Ne7 21.
hxg6 Nxg6 22. Rh6 Rh8 23. Qh2 Rag8 24. exf5 Bxf5 25. Ne4 Qe6 26. Nf6 Bxd3 27.
Nxg8 Kxg8 28. Rxh8+ Nxh8 29. cxd3 Qe3+ 30. Kb1 Qxd3+ 31. Ka1 Qe4 32. Rh1 Ng6
33. Qh7+ Kf8 34. Rf1+ Ke8 35. Qg8+ Kd7 36. Qf7+ Ne7 37. Qf4 Qe6 38. a3 d5 39.
Rg1 c5 40. Qg4 Ng6 41. Qa4+ Ke7 42. Qxa7 Qd6 43. Qa5 c4 44. Qc3 Kd7 45. Qf6 d4
46. Qf7+ 1-0

[Event "?"]
[Site "?"]
[Date "????.??.??"]
[Round "?"]
[White "Müller, D."]
[Black "Ivanov, A."]
[Result "0-1"]
[WhiteElo "2087"]
[BlackElo "1951"]
[PlyCount "114"]
[EventDate "2014.??.??"]

1. d4 Nf6 2. g3 e6 3. Bg2 d5 4. Nf3 c5 5. c4 cxd4 6. O-O Be7 7. Nxd4 O-O 8.
cxd5 Nxd5 9. e4 Nb4 10. a3 N8c6 11. Nc2 Bf6 12. Qe2 Nd4 13. Nxd4 Bxd4 14. e5
Nc6 15. Bf4 Qa5 16. Re1 Bxb2 17. Ra2 Bd4 18. Nd2 Qa4 19. Nc4 Rb8 20. Rd1 Bc5
21. Nd6 Nd4 22. Qd3 b6 23. Nxc8 Rbxc8 24. Be4 g6 25. h4 Rfd8 26. Bg5 Nf3+ 27.
Bxf3 Rxd3 28. Rxd3 Bf8 29. Rad2 h6 30. Bf6 Bg7 31. Rd8+ Rxd8 32. Rxd8+ Kh7 33.
Bxg7 Kxg7 34. Rd3 Qb5 35. Re3 Qc5 36. Be2 b5 37. Kf1 a5 38. h5 g5 39. Bd1 b4
40. axb4 Qxb4 41. Bb3 a4 42. Ba2 Qg4 43. Kg2 Qxh5 44. Ra3 Qg4 45. Bb1 Qb4 46.
Ra1 Qb2 47. Rxa4 Qxb1 48. Rc4 Qb5 49. Re4 Qd5 50. Kf3 Kg6 51. g4 Qd1+ 52. Kg2
Qd5 53. f3 h5 54. gxh5+ Kxh5 55. Kf2 Kg6 56. Kg3 Kf5 57. Re1 Qxe5+ 0-1

[Event "?"]
[Site "?"]
[Date "????.??.??"]
[Round "?"]
[White "Stock, A."]
[Black "Schwarz, L."]
[Result "0-1"]
[WhiteElo "2085"]
[BlackElo "1933"]
[PlyCount "54"]
[EventDate "2014.??.??"]

1. c4 Nf6 2. Nc3 d5 3. cxd5 Nxd5 4. Nxd5 Qxd5 5. Nf3 g6 6. g3 Bg7 7. Bg2 O-O 8.
O-O c5 9. d3 Nc6 10. a3 Qd7 11. Rb1 Rd8 12. Qc2 b6 13. b4 cxb4 14. Ne5 Bxe5 15.
Bxc6 Qc7 16. axb4 Bb7 17. b5 Bxc6 18. bxc6 Rac8 19. Qa2 Rd6 20. f4 Bd4+ 21. e3
Bf6 22. f5 Rxc6 23. fxg6 hxg6 24. Bb2 Rc2 25. Qb3 Qc6 26. e4 Qc5+ 27. Kh1 Qh5
0-1

[Event "?"]
[Site "?"]
[Date "????.??.??"]
[Round "?"]
[White "Pallas, S."]
[Black "Renger, N."]
[Result "1/2-1/2"]
[WhiteElo "2026"]
[BlackElo "1821"]
[PlyCount "138"]
[EventDate "2014.??.??"]

1. e4 c5 2. Nf3 d6 3. d4 cxd4 4. Nxd4 Nf6 5. Nc3 g6 6. Be3 Bg7 7. f3 O-O 8. Qd2
Nc6 9. Bc4 Bd7 10. O-O-O Rc8 11. Be2 Ne5 12. Kb1 Re8 13. g4 Qc7 14. h4 h5 15.
gxh5 Nxh5 16. Nd5 Nc4 17. Bxc4 Qxc4 18. Ne2 Be6 19. b3 Qa6 20. Ndf4 Nxf4 21.
Bxf4 Rc6 22. Nd4 Rec8 23. Nxc6 Rxc6 24. e5 Bf5 25. Rc1 dxe5 26. Bh6 Bxh6 27.
Qxh6 Qe2 28. Ka1 Rxc2 29. Rxc2 Qxc2 30. Qe3 e4 31. f4 Qd3 32. Qxd3 exd3 33. Kb2
Kg7 34. Kc3 Kh6 35. Kd2 Be4 36. Rc1 Kh5 37. Rc7 Kxh4 38. Rxe7 f5 39. Rg7 Kh5
40. Rh7+ Kg4 41. Ke3 d2 42. Rd7 g5 43. fxg5 Kxg5 44. Rxd2 Kf6 45. Kf4 Ke6 46.
Rd4 a6 47. a4 Bc2 48. Rb4 Be4 49. a5 Kd6 50. Rb6+ Kc7 51. Ke5 Kd7 52. Rf6 Ke7
53. Rh6 Kd7 54. b4 Kc7 55. Kd4 Kb8 56. Kc5 Ka7 57. Rf6 Bd3 58. Kd6 Be4 59. Kc7
Bd3 60. Rf7 Bc2 61. Kd6 Bd3 62. Kc5 Be4 63. Kd6 Bd3 64. Kd7 Bc2 65. Kc7 Bd3 66.
Kc8 Be4 67. Re7 Bc6 68. Rf7 Be4 69. Kc7 Bd3 1/2-1/2